| 000 | 01381nam a2200337Ia 4500 | ||
|---|---|---|---|
| 001 | ebr10285634 | ||
| 003 | CaPaEBR | ||
| 006 | m u | ||
| 007 | cr cn||||||||| | ||
| 008 | 081016s2009 mau sb 001 0 eng d | ||
| 010 | _z 2008043059 | ||
| 020 | _z9780262012942 (hardcover : alk. paper) | ||
| 020 | _z0262012944 (hardcover : alk. paper) | ||
| 040 |
_aCaPaEBR _cCaPaEBR |
||
| 035 | _a(OCoLC)318458121 | ||
| 050 | 1 | 4 |
_aTJ807.9.U6 _bW45 2009eb |
| 082 | 0 | 4 |
_a333.790973 _2223 |
| 100 | 1 | _aWeiss, Charles. | |
| 245 | 1 | 0 |
_aStructuring an energy technology revolution _h[electronic resource] / _cCharles Weiss and William B. Bonvillian. |
| 260 |
_aCambridge, MA : _bMIT Press, _cc2009. |
||
| 300 | _axi, 318 p. | ||
| 504 | _aIncludes bibliographical references and index. | ||
| 533 |
_aElectronic reproduction. _bPalo Alto, Calif. : _cebrary, _d2009. _nAvailable via World Wide Web. _nAccess may be limited to ebrary affiliated libraries. |
||
| 650 | 0 |
_aRenewable energy sources _xResearch _xGovernment policy _zUnited States. |
|
| 650 | 0 |
_aEnergy policy _zUnited States. |
|
| 650 | 0 |
_aFederal aid to research _zUnited States. |
|
| 655 | 7 |
_aElectronic books. _2local |
|
| 700 | 1 | _aBonvillian, William. | |
| 710 | 2 | _aebrary, Inc. | |
| 856 | 4 | 0 |
_uhttp://site.ebrary.com/lib/rucke/Doc?id=10285634 _zAn electronic book accessible through the World Wide Web; click to view |
| 999 |
_c16997 _d16997 |
||